| 000 | 00479nam a2200169Ia 4500 | ||
|---|---|---|---|
| 008 | 230718s9999 xx 000 0 und d | ||
| 020 | _a9783319175836 | ||
| 041 | _aeng | ||
| 082 |
_a629.2 _bZAM |
||
| 100 |
_aZaman N. _9198754 |
||
| 245 | _aAutomotive Electronics Design Fundamentals | ||
| 260 |
_c2015 _bSpringer |
||
| 300 |
_a262 _dRef 1682 E (52955) |
||
| 365 |
_cRs. _b6974.23 |
||
| 700 |
_aZaman N. _9198754 |
||
| 906 |
_dO:0501716-Feb-2016B:131906-Feb-2016 _cETC _b1743.56 |
||
| 999 |
_c341748 _d341748 |
||